Client money handling for livestock auctioneers (Record no. 121298)

MARC details
000 -LEADER
fixed length control field 01800nam a22002657a 4500
001 - CONTROL NUMBER
control field 121298
008 - FIXED-LENGTH DATA ELEMENTS--GENERAL INFORMATION
fixed length control field 230104s2021 xxk|||||o|||| 00| 0 eng d
020 ## - INTERNATIONAL STANDARD BOOK NUMBER
ISBN 9781783214105
041 ## - LANGUAGE CODE
Language code of text/sound track or separate title eng
110 ## - MAIN ENTRY--CORPORATE NAME
Corporate author Royal Institution of Chartered Surveyors
245 ## - TITLE STATEMENT
Title Client money handling for livestock auctioneers
Subtitle , RICS professional standard, UK
Medium [Electronic resource]
250 ## - EDITION
Edition statement 1st
260 ## - PUBLICATION INFORMATION
Place of publication London,
Publisher Royal Institution of Chartered Surveyors,
Date February 2021
300 ## - PHYSICAL DESCRIPTION
Physical description 14p.
490 ## - SERIES TITLE
Series statement RICS professional standard
520 ## - ABSTRACT
Abstract Effective from 8 February 2021.
520 ## - ABSTRACT
Abstract This Professional Standard provides mandatory requirements and guidance for RICS firms acting as livestock auctioneers. RICS firms selling any property at auction for a third party must do so as agent, ensuring that purchase money is handled as client money. There is one exception – where the asset sold is exclusively livestock. In this instance, subject to some other conditions being met, the firm may contract to act as principle in the financial transaction. This Professional Standard outlines the mandatory requirements and best practice guidance for livestock auctioneers in terms of how to deal with client money in both of the above circumstances.
520 ## - ABSTRACT
Abstract This was reissued in October 2022 as a Professional Standard. It was previously published in February 2021 as a Professional Statement. The regulatory requirements remain the same
650 ## - KEYWORDS
Keywords LIVESTOCK
650 ## - KEYWORDS
Keywords CLIENT MONEY
651 ## - SUBJECT ADDED ENTRY--GEOGRAPHIC NAME
Geographic name United Kingdom
710 ## - ADDED CORPORATE NAME
Added corporate author Royal Institution of Chartered Surveyors
856 ## - ONLINE RESOURCE
Uniform Resource Identifier <a href="https://www.rics.org/profession-standards/rics-standards-and-guidance/sector-standards/land-standards/client-money-handling-for-livestock-auctioneers">https://www.rics.org/profession-standards/rics-standards-and-guidance/sector-standards/land-standards/client-money-handling-for-livestock-auctioneers</a>
Public note Available free on RICS.org
942 ## - ADDED ENTRY ELEMENTS (KOHA)
Suppress in OPAC Do not suppress in OPAC
Holdings
Lost status Damaged status Not for loan Current library Shelving location Date acquired Total Checkouts Date last seen Price effective from Koha item type
      Virtual Online 04/01/2023   04/01/2023 04/01/2023 Online material